• 首页
  • 本馆介绍
  • 公告通知
  • 最新文献
  • 馆藏检索
  • 电子资源
  • 读者导购
  • 参考咨询
  • 我的图书馆
  • 登录
  • 详细信息显示
  • 放入我的书架
  • 预约/预借图书
  • 作者相关作品
  • 分类相关作品
  • 丛书相关作品
  • 出版社相关作品

书目信息

  • 表格格式
  • 工作单格式
  • 卡片格式
题名:
史记故事选译
    
 
作者: 粱弼 选译
分册: 一  
出版信息: 上海   上海古籍出版社  1978
页数: 109页
开本: 19cm
丛书名:
单 册:
中图分类: K204.2 , I211
科图分类:
主题词: 古代史-中国--纪传体--通俗读物 , 文学--作品集--中国
电子资源:
ISBN:
000 00748nam0 2200277 45
001 1537427243
005 20150125102409.48
010    @dCNY0.27
091    @aCN@b10186.13
100    @a19950719d1978 em y0chiy0121 ea
101 0  @achi
102    @aCN@b310000
105    @ay z 000zy
200 10 @a史记故事选译@Ashi ji gu shi xuan yi@h一@f粱弼选译
210    @a上海@c上海古籍出版社@d1978
215    @a109页@d19cm
300    @a中国古典文学作品选读
605    @a史记@x译文
606    @a古代史-中国@x纪传体@x通俗读物
606 0  @a文学@x作品集@x中国
607    @a中国@x古代史@x纪传体@x通俗读物
690    @aK204.2@v3
690    @aI211@v4
701  0 @a粱弼@Aliang bi@4选译
801  0 @aCN@bTSSF@c20150125
905    @aZUCC@dI211@eJY36:1
    
    史记故事选译.一/粱弼选译.-上海:上海古籍出版社,1978
    109页;19cm
    中国古典文学作品选读
    
    ISBN :CNY0.27
    
●
相关链接 在E读中查询图书 在五车中查询图书 在当当中查询图书 在豆瓣中查询图书


正题名:史记故事选译     索取号:I211/JY36:1         预约/预借

序号 登录号 条形码 馆藏地/架位号 状态 备注
1 7853944   278539440   学院路分馆/ [索取号:I211/JY36:1] 在馆    
唐山师范学院图书馆 欢迎您!
大连网信软件有限公司© 版权所有